• 首页
  • 本馆介绍
  • 公告通知
  • 最新文献
  • 馆藏检索
  • 电子资源
  • 读者导购
  • 参考咨询
  • 我的图书馆
  • 登录
  • 详细信息显示
  • 放入我的书架
  • 预约/预借图书
  • 作者相关作品
  • 分类相关作品
  • 丛书相关作品
  • 出版社相关作品

书目信息

  • 表格格式
  • 工作单格式
  • 卡片格式
题名:
社会保障职位模拟教程
    
 
作者: 褚福灵 编著
分册:  
出版信息: 北京   中国人民大学出版社  2003
页数: 289页
开本: 23cm
丛书名:
单 册:
中图分类: D632.1
科图分类:
主题词: 社会保障--职位环境模拟--高等学校--教材 , 社会保障
电子资源:
ISBN: 7-300-04646-0
000 00968nam0 2200265 450
000 00981nam0 2200265 450
000 00912nam0 2200241 450
000 00876oam2 2200229 45
005 20070724100512.04
010    @a7-300-04646-0@dCNY22.00
100    @a20070627d2003 em y0chiy0120 ea
101 0  @achi
102    @aCN@b110000
105    @ay z 000yy
200 1  @a社会保障职位模拟教程@AShe Hui Bao Zhang Zhi Wei Mo Ni Jiao Cheng@f褚福灵编著@FChu Fu Ling Bian Zhu
210    @a北京@c中国人民大学出版社@d2003
215    @a289页@d23cm
300    @a北京市高等教育精品教材立项项目北京市高等教育精品教材建设立项项目
330    @a本书介绍了社会保险登记职位、社会保险费征缴职位、社会保险个人帐户管理职位、社会保险待遇给付职位等职位模拟的内容以及理论的阐述。
606 0  @a社会保障@x职位环境模拟@x高等学校@j教材
606 0  @a社会保障
690    @aD632.1@v4
701  0 @a褚福灵@AChu Fu Ling@4编著
801  0 @aCN@bTAOJIN@c20070724
905    @a10447@dD632.1@e114
    
    社会保障职位模拟教程/褚福灵编著.-北京:中国人民大学出版社,2003
    289页;23cm
    北京市高等教育精品教材立项项目北京市高等教育精品教材建设立项项目
    
    ISBN 7-300-04646-0:CNY22.00
    本书介绍了社会保险登记职位、社会保险费征缴职位、社会保险个人帐户管理职位、社会保险待遇给付职位等职位模拟的内容以及理论的阐述。
●
相关链接 在E读中查询图书 在五车中查询图书 在当当中查询图书 在豆瓣中查询图书


正题名:社会保障职位模拟教程     索取号:D632.1/114         预约/预借

序号 登录号 条形码 馆藏地/架位号 状态 备注
1 0824180   208241801   第一样本阅览室/ [索取号:D632.1/114] 在馆    
2 0824181   208241810   第一借阅区/ [索取号:D632.1/114] 在馆    
3 0824182   208241829   第一借阅区/ [索取号:D632.1/114] 在馆    
4 0824183   208241838   第一借阅区/ [索取号:D632.1/114] 在馆    
5 0824184   208241847   第一借阅区/ [索取号:D632.1/114] 在馆    
6 0824185   208241856   第一借阅区/ [索取号:D632.1/114] 在馆    
7 0824186   208241865   第一借阅区/ [索取号:D632.1/114] 在馆    
8 0824187   208241874   第一借阅区/ [索取号:D632.1/114] 在馆    
唐山师范学院图书馆 欢迎您!
大连网信软件有限公司© 版权所有